000 00442pab a2200169 454500
008 180718b2001 xxu||||| |||| 00| 0 eng d
100 _aWibulpolprasert, Suwit
245 _aEconomic dynamics and health: lessons from Thailand
260 _c2001
300 _ap.99-107
362 _aMar
650 _aHealth services - Thailand
650 _aHealth services
700 _aPengpaiboon, Paichit
773 _aDevelopment
909 _a48467
999 _c48467
_d48467